Statistics for lemurs

Click here to take the quiz!

General Stats

  • This quiz has been taken 35 times
    (27 since last reset)
  • The average score is 5 of 8

Answer Stats

HintAnswer% Correct
where lemurs livemadagascar
100%
lemurs are in the movie Madagascartrue
88%
continent lemurs live inafrica
83%
lemurs only live in Madagascarfalse
75%
a lemur with alternating patternsring tail
71%
this lemur dancessifaka
42%
the smallest lemurmouse lemur
38%
this animal likes to eat lemursfossa
33%

Score Distribution

Percentile by Number Answered

Percent of People with Each Score

Your Score History

You have not taken this quiz since the last reset